| Tag |
First Indicator |
Second Indicator |
Subfields |
| LEADER |
00000cas a2200000 a 4500 |
| 001 |
in00002787433 |
| 005 |
20151202172156.0 |
| 006 |
m o d |
| 007 |
cr ||||||||||| |
| 008 |
091120c19879999nyuar oo o 0 a0eng c |
| 010 |
|
|
|a 2009235757
|
| 016 |
7 |
|
|a 2526563-5
|2 DE-600
|
| 016 |
7 |
|
|a 998537756
|2 DE-101
|
| 019 |
|
|
|a 663106723
|
| 022 |
0 |
|
|a 2168-8419
|y 1073-6913
|2 1
|
| 024 |
8 |
|
|a eb49555271
|
| 029 |
1 |
|
|a NZ1
|b 13240129
|
| 029 |
1 |
|
|a HEBIS
|b 218318146
|
| 029 |
1 |
|
|a GWDNB
|b 998537756
|
| 029 |
1 |
|
|a ZWZ
|b 163680744
|
| 029 |
1 |
|
|a NZ1
|b 14700207
|
| 035 |
|
|
|a (OCoLC)ocn468000969
|
| 035 |
|
|
|a (OCoLC)468000969
|z (OCoLC)663106723
|
| 040 |
|
|
|a EYM
|b eng
|c EYM
|d EYM
|d HUL
|d HEBIS
|d OCLCE
|d GWDNB
|d DLC
|d OCLCQ
|d TXA
|d UtOrBLW
|
| 042 |
|
|
|a pcc
|a nsdp
|
| 049 |
|
|
|a TXAM
|
| 050 |
1 |
4 |
|a ML1
|b .I716 Electronic
|
| 082 |
1 |
0 |
|a 781/.05
|2 14
|
| 210 |
0 |
|
|a Intégral
|b (Rochester, N.Y. Online)
|
| 222 |
|
0 |
|a Intégral
|b (Rochester, N.Y. Online)
|
| 245 |
0 |
0 |
|a Intégral :
|b the journal of applied musical thought.
|
| 264 |
|
1 |
|a Rochester, N.Y. :
|b Eastman Theory Association,
|c 1987-
|
| 310 |
|
|
|a Annual
|
| 336 |
|
|
|a text
|b txt
|2 rdacontent
|
| 337 |
|
|
|a computer
|b c
|2 rdamedia
|
| 338 |
|
|
|a online resource
|b cr
|2 rdacarrier
|
| 362 |
1 |
|
|a Began with: Vol. 1 (1987).
|
| 500 |
|
|
|a Published by: Eastman School of Music, 1988-1995; Dept. of Music Theory, Eastman School of Music, University of Rochester, 1996-
|
| 588 |
|
|
|a Description based on: Vol. 1 (1987); title from title page (JSTOR, viewed Nov. 20, 2009).
|
| 588 |
|
|
|a Latest issue consulted: Vol. 22 (2008); title from journal information page (EBSCO, viewed Jul. 19, 2012).
|
| 500 |
|
|
|a Electronic resource.
|
| 650 |
|
0 |
|a Musical analysis
|v Periodicals.
|
| 650 |
|
0 |
|a Music theory
|v Periodicals.
|
| 650 |
|
6 |
|a Théorie musicale
|v Périodiques.
|
| 650 |
|
6 |
|a Analyse musicale
|v Périodiques.
|
| 710 |
2 |
|
|a Eastman Theory Association.
|
| 710 |
2 |
|
|a Eastman School of Music.
|
| 710 |
2 |
|
|a Eastman School of Music.
|b Department of Music Theory.
|
| 776 |
0 |
8 |
|i Also issued in print:
|t Intégral (Rochester, N.Y.)
|x 1073-6913
|w (DLC) 91642773
|w (OCoLC)17734421
|
| 948 |
|
|
|a cataloged
|b h
|c 2012/12/21
|d c
|e spoltoratski
|f 10:09:26 am
|g sc
|
| 994 |
|
|
|a C0
|b TXA
|
| 999 |
|
|
|a MARS
|
| 999 |
f |
f |
|s ee073f7d-ce30-3f5e-bd1a-294ed05c144c
|i 3ee7800b-55fc-3889-853d-5c2cd74a0ea6
|t 0
|
| 952 |
f |
f |
|a Texas A&M University
|b College Station
|c Electronic Resources
|d Available Online
|t 0
|e ML1 .I716
|g Electronic
|h Library of Congress classification
|
| 998 |
f |
f |
|a ML1 .I716
|t 0
|l Available Online
|